[Event "48th Bosna Tournament 2018"]
[Site "Sarajevo"]
[Date "2018.05.05"]
[Round "1"]
[White "Yilmaz, Mustafa"]
[Black "Hoeneveld, Maarten"]
[Result "1-0"]
[WhiteElo "2621"]
[BlackElo "2045"]
[Annotator "TA"]
[PlyCount "45"]
[EventDate "2018.??.??"]
[EventType "swiss"]
[EventCountry "BIH"]
[SourceTitle "playchess.com"]
[Source "ChessBase"]
[SourceQuality "1"]

{[%evp 26,45,56,40,75,70,165,177,187,178,192,198,190,168,180,159,228,185,455,448,444,454]} 1. d4 Nf6 2. c4 g6 3. Nc3 Bg7 4. e4 d6 5. Nf3 O-O 6. Be2 c5 7. d5 e6 8. Nd2 exd5 9. cxd5 Nbd7 10. O-O Re8 11. a4 Rb8 12. Qc2 a6 13. Re1 {A77: Modern Benoni: Classical: 9...Re8 10 Nd2: 10...a6 and 10...Nbd7} (13. a5 Qc7 14. h3 b5 15. axb6 Nxb6 16. Re1 Nfd7 17. Nb3 Ne5 18. f4 c4 19. Na5 Qc5+ 20. Kf1 Nd3 21. Bxd3 cxd3 22. Qxd3 {1-0 (57) Van Wely,L (2653)-Giri,A (2642) Eindhoven 2010}) 13... Qc7 14. Ra3 {LiveBook: 3 Games} Nf8 15. a5 {White is better.} b5 $146 (15... N8d7 $14) ({Predecessor:} 15... Ng4 16. Bxg4 Bxg4 17. Nc4 Bd4 18. h3 Bc8 19. Bf4 Rd8 20. Rb3 {1-0 (36) Dorica,I-Slapak,Z (2205) Slovakia 1995}) 16. axb6 $1 $18 Rxb6 17. Nc4 {[%cal Bd2c4,Bc4d6,Bd6f7,Bf7d8][%mdl 32]} Rb4 18. Bf4 Rd8 19. Na2 Rb8 20. Bf3 Ra8 (20... Bg4 $16 {keeps fighting.} 21. Bxg4 (21. Rxa6 Bxf3 22. gxf3 Ne8 $18) 21... Nxg4 22. Rxa6 Ne5) 21. Nxd6 N6d7 $2 {[#]} (21... Rxd6 {might work better.} 22. Bxd6 Qxd6) 22. Nxf7 Qxf4 23. Nxd8 {Precision: White = 62%, Black = 13%.} 1-0

[Event "48th Bosna Tournament 2018"]
[Site "Sarajevo"]
[Date "2018.05.05"]
[Round "1"]
[White "Brkic, Ante"]
[Black "Urh, Zala"]
[Result "1-0"]
[WhiteElo "2598"]
[BlackElo "2040"]
[Annotator "TA"]
[PlyCount "55"]
[EventDate "2018.??.??"]
[EventType "swiss"]
[EventCountry "BIH"]
[SourceTitle "playchess.com"]
[Source "ChessBase"]
[SourceQuality "1"]

{[%evp 9,55,19,23,28,27,21,33,18,25,0,-8,-23,-27,-12,-25,-79,13,-4,0,0,0,0,12,-21,-15,-26,-37,-41,193,166,162,175,220,238,246,224,236,223,366,329,354,262,936,897,2435,2379,2356,2309]} 1. e4 e5 2. Nf3 Nc6 3. Bc4 Bc5 4. O-O Nf6 5. d3 a6 (5... O-O 6. c3 d5 7. exd5 Nxd5 8. Re1 Be6 9. Nbd2 Bd6 10. Ne4 h6 11. b4 a6 12. a4 Re8 13. Qb3 Nf6 14. Bxe6 Rxe6 15. Be3 Ne7 16. Rad1 {1-0 (25) Kramnik,V (2800)-Anand,V (2776) Moscow 2018}) 6. a4 {C50: Hungarian Defence and Giuoco Pianissimo} d6 7. c3 Ba7 8. Re1 {White is slightly better.} O-O 9. Bg5 h6 10. Bh4 g5 11. Bg3 Nh7 12. Na3 $146 {[#]} (12. h4 $11 {keeps the balance.}) ({Predecessor:} 12. Qc1 Kg7 13. h4 {0-1 (26) Robson,R (2668)-Berczes,D (2493) New York 2017}) 12... Kg7 (12... h5 $1 $17 {[%cal Rh5h4] Hoping for ...h4.} 13. h4 Bg4) 13. d4 $36 {[%cal Rd4e5][%mdl 2048] White has some pressure.} g4 14. Nh4 exd4 15. Nc2 {[%cal Rc3d4]} Ne5 16. Bf1 dxc3 17. bxc3 {[%cal Bb2c3,Bc3d4][%mdl 32]} Qg5 18. Nd4 Bxd4 $2 (18... Kg8 $15 {keeps the upper hand.}) 19. cxd4 $18 Ng6 20. Nxg6 fxg6 21. Rc1 Rf7 22. Bc4 Re7 23. e5 dxe5 (23... d5 $142) 24. Bxe5+ Nf6 25. Qb3 c6 $2 (25... Bf5 26. Qxb7 Rae8 27. Qxa6 Kh7) 26. Qa3 {White is clearly winning.} Rf7 27. Bxf7 Kxf7 {[#]} 28. Bf4 $1 {[%mdl 512] Precision: White = 67%, Black = 43%.} 1-0

[Event "48th Bosna Tournament 2018"]
[Site "Sarajevo"]
[Date "2018.05.05"]
[Round "1"]
[White "Can, Emre"]
[Black "Nestorovic, Katarina"]
[Result "1-0"]
[WhiteElo "2596"]
[BlackElo "2038"]
[Annotator "TA"]
[PlyCount "39"]
[EventDate "2018.??.??"]
[EventType "swiss"]
[EventCountry "BIH"]
[SourceTitle "playchess.com"]
[Source "ChessBase"]
[SourceQuality "1"]

{[%evp 30,39,227,244,480,211,511,513,718,714,1630,1631]} 1. d4 Nf6 2. c4 e6 3. Nf3 Bb4+ 4. Nbd2 O-O 5. a3 Bxd2+ 6. Qxd2 d6 7. b4 b6 8. e3 Ne4 9. Qc2 Bb7 10. Be2 f5 11. O-O Nd7 12. Bb2 Rf6 {E14: Queen's Indian: Classical Variation (4 e3)} 13. d5 Rg6 (13... Rh6 14. Rad1 c5 15. g3 exd5 16. cxd5 Qe7 17. bxc5 bxc5 18. a4 Rf8 19. a5 Kh8 20. Ne1 {½-½ (51) Anton Guijarro,D (2650)-Moiseenko,A (2657) Doha 2016}) 14. Nd4 Qg5 15. g3 exd5 16. cxd5 {LiveBook: 3 Games} Re8 $146 {[#]} (16... Rc8 17. Qa4 Nf8) ({Predecessor:} 16... Bxd5 17. Bc4 Bxc4 18. Qxc4+ Kh8 19. Qc6 Rd8 20. Qxc7 {½-½ (41) Bykhovsky,A (2499)-Liss,E (2474) Israel 2010}) 17. Bb5 (17. Qxc7 $142 Bc8 18. Bb5) 17... Bxd5 $2 (17... Re7 {is a better defense.} 18. Qxc7 Nf8) 18. Bxd7 $18 {White is clearly winning.} Nxg3 19. fxg3 ({Don't blunder} 19. hxg3 $2 Qh5 $19) 19... f4 20. exf4 1-0

[Event "48th Bosna Tournament 2018"]
[Site "Sarajevo"]
[Date "2018.05.05"]
[Round "1"]
[White "Djukic, Nikola"]
[Black "Salkic, Mahir"]
[Result "1-0"]
[WhiteElo "2556"]
[BlackElo "2033"]
[Annotator "TA"]
[PlyCount "35"]
[EventDate "2018.??.??"]
[EventType "swiss"]
[EventCountry "BIH"]
[SourceTitle "playchess.com"]
[Source "ChessBase"]
[SourceQuality "1"]

{[%evp 22,35,35,26,149,155,309,315,395,406,779,772,757,754,1325,1264]} 1. e4 e6 2. d4 d5 3. Nc3 Nf6 4. e5 Nfd7 5. f4 c5 6. Nf3 Nc6 7. Be3 Qb6 8. Na4 Qa5+ 9. c3 cxd4 10. b4 Qc7 11. Nxd4 Nxd4 12. Bxd4 {LiveBook: 17 Games} f6 {C11: French: Classical System: 4 e5 and 4 Bg5 dxe4} (12... b6 $11 {remains equal.}) (12... Be7 13. Bd3 O-O 14. O-O Nb8 15. Qh5 g6 16. Qh6 Re8 17. Bc5 b6 18. Rf3 Nd7 19. Rh3 Bxc5+ 20. Nxc5 Nf8 {1-0 (36) Negi,P (2643)-Toufighi,H (2419) Tabriz 2014}) 13. Bd3 $16 fxe5 $146 {[#]} (13... f5 $16 14. g4 Nb8 15. gxf5 exf5) ({Predecessor:} 13... f5 14. g4 Be7 15. gxf5 exf5 16. Bxf5 O-O 17. Be6+ Kh8 18. Qg4 Nb6 19. Nxb6 Bxe6 20. Qxe6 Bh4+ 21. Kd2 axb6 22. Qg4 Be7 23. Rhg1 Bd8 24. h4 h6 25. f5 b5 26. f6 gxf6 27. Qh5 {1-0 (27) Peng,S (1941)-Chen,X (1757) Harbin 2016}) 14. fxe5 $18 Nxe5 15. Qh5+ Nf7 (15... g6 $142 16. Qxe5 Qxe5+ 17. Bxe5 Rg8) 16. O-O {White is clearly winning.} g6 17. Qf3 Ne5 18. Bb5+ 1-0

[Event "48th Bosna Tournament 2018"]
[Site "Sarajevo"]
[Date "2018.05.05"]
[Round "1"]
[White "Diermair, Andreas"]
[Black "Ababneh, Ghayth"]
[Result "1-0"]
[WhiteElo "2504"]
[BlackElo "2006"]
[Annotator "TA"]
[PlyCount "93"]
[EventDate "2018.??.??"]
[EventType "swiss"]
[EventCountry "BIH"]
[SourceTitle "playchess.com"]
[Source "ChessBase"]
[SourceQuality "1"]

{[%evp 22,93,57,23,29,25,40,38,32,10,14,14,106,108,145,92,87,51,60,40,44,55,46,47,50,56,74,74,127,144,246,242,248,252,295,291,347,345,350,324,331,0,289,304,369,378,391,377,381,364,407,365,455,341,350,342,479,466,569,475,462,434,735,725,731,730,722,709,1258,943,942,941,940,914]} 1. Nf3 Nf6 2. c4 d6 3. d4 g6 4. Nc3 Bg7 5. e4 O-O 6. Be2 e5 7. O-O Nc6 8. d5 Ne7 9. b4 Ne8 10. a4 f5 11. Nd2 Nf6 12. Ba3 {LiveBook: 4 Games. E97: King's Indian: Classical Main Line (6...e5 7 0-0 Nc6): 8 Be3 and 8 d5 Ne7, not 9 Ne1} (12. c5 f4 13. Nc4 g5 14. Nb5 Ne8 15. Ba3 Ng6 16. Bg4 Nh4 17. Bxc8 Rxc8 18. g3 a6 19. Nc3 Ng6 {0-1 (31) Werle,J (2607)-Vallejo Pons,F (2702) Wijk aan Zee 2009}) 12... fxe4 13. Ndxe4 Nxe4 14. Nxe4 {White is slightly better.} Nf5 15. c5 Qh4 16. Bd3 dxc5 $146 (16... Nd4 $11) ({Predecessor:} 16... Nd4 17. cxd6 cxd6 18. Nxd6 {1-0 (26) Akdag,D (2193)-Larsen,A (1894) Koge 2014}) 17. bxc5 $16 c6 18. g3 (18. Bc1 $142 Bh6 19. d6) 18... Qd8 19. Bc4 {[#] Strongly threatening dxc6+.} Nd4 20. d6+ Kh8 21. f3 $36 {[%cal Bf2f3,Bf3f4][%mdl 2080] White is pushing.} Bh3 22. Rf2 Bf5 23. Raa2 Qd7 24. a5 Bh6 (24... Be6 $142 25. Bxe6 Qxe6) 25. Qd3 Be6 (25... Ne6 $16 26. Kh1 Rab8) 26. f4 $1 $18 Bxc4 27. Qxc4 Qg4 {[%cal Rh6f4]} 28. Bb2 Bg7 29. Bxd4 exd4 30. Ng5 Bf6 31. Ne4 Bg7 32. Rae2 Qf5 33. Ng5 {[%cal Be4g5,Bg5f7,Bf7e5][%mdl 32]} Bf6 34. Nf7+ Kg7 {[#]} 35. Ne5 $1 d3 36. Nxd3 b5 37. Qe4 Qxe4 38. Rxe4 Bc3 (38... Rfe8 $142) 39. a6 {White is clearly winning.} Rab8 40. Re7+ Rf7 {aiming for ...Rxe7.} 41. Rfe2 b4 (41... Bf6 $142 42. R7e4 Rff8) 42. Rxf7+ Kxf7 43. Re7+ Kf6 44. Rxa7 Rb5 45. Rb7 Ra5 46. a7 b3 47. d7 {Precision: White = 79%, Black = 32%.} 1-0

[Event "48th Bosna Tournament 2018"]
[Site "Sarajevo"]
[Date "2018.05.05"]
[Round "1"]
[White "Jovovic, Milan"]
[Black "Predke, Alexandr"]
[Result "0-1"]
[WhiteElo "2042"]
[BlackElo "2603"]
[Annotator "TA"]
[PlyCount "52"]
[EventDate "2018.??.??"]
[EventType "swiss"]
[EventCountry "BIH"]
[SourceTitle "playchess.com"]
[Source "ChessBase"]
[SourceQuality "1"]

{[%evp 16,52,0,-33,-25,-104,-130,-202,-202,-202,-202,-202,-196,-197,-204,-262,-256,-323,-255,-402,-387,-491,-457,-587,-596,-785,-766,-864,-864,-917,-883,-1122,-1119,-1117,-1112,-1096,-1087,-1070,-979]} 1. d4 Nf6 2. Bf4 d5 3. e3 c5 4. Nf3 Nc6 5. c3 Qb6 6. Qb3 c4 7. Qxb6 axb6 8. Na3 Bf5 9. Be2 {LiveBook: 7 Games. D02: 1 d4 d5 2 Nf3 sidelines, including 2...Nf6 3 g3 and 2...Nf6 3 Bf4} (9. Nb5 Kd7 10. Be2 e6 11. O-O Ra5 12. a4 Bc2 13. Ng5 Bg6 14. Rfc1 Be7 15. Nf3 Rha8 16. Nc7 Rc8 {0-1 (35) Javakhishvili,L (2465)-Girya,O (2482) Tbilisi 2018}) 9... Ra5 10. Bc7 (10. O-O $11 {keeps the balance.}) 10... e6 $17 11. Bxb6 (11. Nxc4 $17 dxc4 12. Nd2) 11... Bxa3 $19 12. bxa3 $146 ({Predecessor:} 12. Bxa5 Bxb2 13. Nh4 Bxa1 14. Nxf5 exf5 15. Kd2 Nxa5 16. Rxa1 Kd7 {0-1 (29) Rowe,P (1945)-Darmanin,J (2058) Andorra la Vella 2017}) 12... Rxa3 13. Bc5 Rxc3 14. a4 Ne4 15. Ba3 Rc2 16. Ne5 Na5 {[%cal Bc6a5,Ba5b3,Bb3c1][%mdl 32] [#] And now ...Nb3 would win.} 17. Bb4 (17. Bd1 $142 Rxf2 18. Bb4) 17... Nb3 18. Rd1 Nc1 {Black is clearly winning.} 19. Bf3 Nxf2 20. Rd2 Nxh1 21. g4 Na2 22. gxf5 Rc1+ 23. Rd1 Rxd1+ ({Inferior is} 23... Nxb4 24. Rxc1 f6 25. Rb1 $11) 24. Kxd1 Nf2+ 25. Ke2 Nxb4 26. Kxf2 exf5 0-1

[Event "48th Bosna Tournament 2018"]
[Site "Sarajevo"]
[Date "2018.05.05"]
[Round "1"]
[White "Mahmutbegovic, Muharem"]
[Black "Kozul, Zdenko"]
[Result "0-1"]
[WhiteElo "2039"]
[BlackElo "2597"]
[Annotator "TA"]
[PlyCount "66"]
[EventDate "2018.??.??"]
[EventType "swiss"]
[EventCountry "BIH"]
[SourceTitle "playchess.com"]
[Source "ChessBase"]
[SourceQuality "1"]

{[%evp 25,66,0,18,-2,-10,-20,-16,-26,-24,-37,-30,-77,-40,-127,-127,-129,-126,-122,-117,-116,-119,-115,-81,-274,-267,-290,-306,-301,-268,-318,-254,-337,-312,-441,-352,-359,-339,-664,-662,-1573,-1511,-29968,-6849]} 1. e4 c5 2. Nf3 d6 3. d4 cxd4 4. Nxd4 Nf6 5. Nc3 Nc6 6. Be3 e6 7. Be2 Be7 8. O-O O-O 9. f4 a6 10. Qe1 Nxd4 11. Bxd4 b5 12. a3 Bb7 13. Bf3 Qc7 {LiveBook: 7 Games. B85: Sicilian Scheveningen: 6 Be2 a6, lines with early Be3} (13... Nd7 14. Rd1 Qc7 15. Kh1 e5 16. Be3 exf4 17. Bxf4 Rad8 18. Qg3 Ne5 19. Bh5 Kh8 20. Be3 g6 21. Be2 {1-0 (57) Dvoirys,S (2560)-Ftacnik,L (2563) Sibenik 2014}) 14. Rd1 e5 15. Be3 Rac8 {The position is equal.} 16. f5 h6 $146 ({Predecessor:} 16... Rfe8 17. Kh1 Bc6 18. g4 Qb7 {1-0 (31) Denon,N (1751)-Lujan,C (2380) Villa Martelli 2014}) 17. Rf2 Qb8 18. Rfd2 Rc4 {[%cal Rb7e4]} 19. Nd5 (19. Bf2 $15) 19... Bxd5 $1 $17 20. exd5 Qc8 21. c3 Qxf5 22. Be2 Ra4 23. Bd3 Qh5 24. b4 $2 (24. Be2 $17 {was worth a try.} Qg6 25. Bd3) 24... Ng4 25. h3 Nxe3 26. Qxe3 Rxa3 27. g4 Qg5 28. Qf3 g6 ({Not} 28... Rxc3 {[#]} 29. Bh7+ $1 {[%mdl 512]} Kxh7 30. Qxc3 $19) 29. Bb1 (29. Rh2 {is a better defense.}) 29... Qh4 30. Rf2 Bd8 {[#] White must now prevent ...Bb6.} 31. Bxg6 $2 (31. Kg2) 31... Bb6 $19 32. Bxf7+ Kg7 33. Rdf1 Ra2 {Precision: White = 17%, Black = 88%.} 0-1

[Event "48th Bosna Tournament 2018"]
[Site "Sarajevo"]
[Date "2018.05.05"]
[Round "1"]
[White "Halilovic, Fahrudin"]
[Black "Fier, Alexandr"]
[Result "0-1"]
[WhiteElo "2035"]
[BlackElo "2580"]
[Annotator "TA"]
[PlyCount "76"]
[EventDate "2018.??.??"]
[EventType "swiss"]
[EventCountry "BIH"]
[SourceTitle "playchess.com"]
[Source "ChessBase"]
[SourceQuality "1"]

{[%evp 15,76,-18,5,-40,-10,-70,-66,-79,-68,-76,-79,-157,-151,-361,-243,-342,-366,-339,-270,-251,-226,-367,-365,-375,-350,-500,-411,-412,-400,-406,-396,-474,-390,-383,-367,-530,-516,-597,-612,-818,-810,-787,-801,-779,-770,-697,-691,-687,-679,-666,-669,-886,-900,-1267,-1251,-1414,-770,-1465,-1483,-2471,-959,-1907,-1873]} 1. e4 c5 2. d3 Nc6 3. g3 d5 4. Nd2 Nf6 5. Bg2 g6 6. Ngf3 Bg7 7. O-O O-O 8. Re1 e6 {[%cal Be7e6,Be6e5][%mdl 32] LiveBook: 209 Games} 9. Ng5 {A08: King's Indian Attack} (9. c3 b6 10. e5 Nd7 11. d4 a5 12. Nf1 a4 13. a3 Ba6 14. h4 Qc7 15. Bf4 Na5 16. Ne3 Nb3 17. Rb1 cxd4 18. cxd4 Rac8 {1-0 (54) Amin,B (2689)-Movsesian,S (2647) Riadh 2017}) 9... h6 10. Nh3 (10. Ngf3 $11) 10... e5 $15 11. exd5 {Black is slightly better.} Nxd5 {[%cal Bf6d5,Bd5b4,Bb4d3][%mdl 32]} 12. Ne4 $146 ({Predecessor:} 12. Nc4 Be6 13. Ne3 Qd7 14. Nxd5 Bxd5 15. Be3 Be6 16. Bxc5 Rfe8 {0-1 (34) Gnilorybova,V (1602)-Borisova,E (1928) Moscow 2015}) 12... b6 13. c4 ({White should try} 13. c3) 13... Ndb4 $17 14. Qa4 $2 (14. Nc3 $17) 14... Bd7 ({Don't do} 14... Nxd3 15. Re3 $19) ({And not} 14... Qxd3 15. a3 $11) 15. Be3 (15. Qd1 $142) 15... Nd4 $19 16. Qd1 {Now Bxd4 and White clings on.} Bxh3 17. Bxh3 {[#]} Nxd3 $1 {[%mdl 512]} 18. Bg5 (18. Bxd4 $142 Qxd4 19. Re3) (18. Qxd3 Nf3+) 18... hxg5 {[%cal Bh6g5,Bg5g4][%mdl 32]} 19. Qxd3 f5 20. Nd2 (20. Bg2 $142) 20... e4 21. Qb1 g4 22. Bg2 Qg5 23. Rd1 Rad8 {[%cal Ba8d8,Bd8d7,Bd7h7][%mdl 32]} 24. Nf1 Nf3+ 25. Kh1 (25. Bxf3 {was the only chance.} gxf3 26. Rxd8 Rxd8 27. Qc2) 25... Bd4 {Black is clearly winning.} 26. a4 Rd7 27. a5 Rh7 28. Rxd4 Qh5 {[%cal Rh5h2]} 29. Bxf3 gxf3 ({Not} 29... cxd4 30. Bg2 $11) 30. h4 Qg4 {[#] ( -> ...Qh3+)} 31. Nh2 Qh3 {[%csl Gf3][%cal Rh3g2]} 32. Qf1 Qxf1+ 33. Rxf1 {aiming for Rd6.} cxd4 34. axb6 axb6 {KRR-KRN} 35. Rd1 Rd8 36. Kg1 Ra7 37. Nf1 Ra2 (37... Rda8 $142 38. c5 bxc5) 38. Rb1 Rda8 {Precision: White = 25%, Black = 69%.} 0-1

[Event "48th Bosna Tournament 2018"]
[Site "Sarajevo"]
[Date "2018.05.05"]
[Round "1"]
[White "Tarun, Kanyamarala"]
[Black "Kurajica, Bojan"]
[Result "0-1"]
[WhiteElo "2006"]
[BlackElo "2516"]
[Annotator "TA"]
[PlyCount "84"]
[EventDate "2018.??.??"]
[EventType "swiss"]
[EventCountry "BIH"]
[SourceTitle "playchess.com"]
[Source "ChessBase"]
[SourceQuality "1"]

{[%evp 11,84,15,18,5,15,13,12,-1,0,-18,11,0,1,7,28,25,32,19,33,4,8,14,8,-67,78,75,80,72,81,77,82,79,124,118,241,189,160,131,131,124,111,113,115,48,70,49,56,39,49,0,0,0,0,0,0,-7,0,0,0,-4,-19,-126,-108,-183,-194,-181,-185,-195,-199,-271,-225,-237,-216,-1545,-1532]} 1. Nf3 Nf6 2. c4 e6 3. g3 a6 4. Bg2 b5 5. d3 Bb7 6. O-O {A13: English Opening: 1...e6} Be7 {LiveBook: 11 Games} (6... c5 7. Nc3 Qb6 8. Qb3 Bc6 9. a4 b4 10. a5 Qb7 11. Na4 d6 12. Nb6 Ra7 13. Be3 {½-½ (31) Tomashevsky,E (2714)-Van Wely,L (2670) Berlin 2018}) 7. Nc3 b4 8. Na4 {The position is equal.} O-O $146 ({Predecessor:} 8... a5 9. e4 d6 10. b3 O-O 11. Nd2 Nbd7 12. d4 e5 13. d5 {0-1 (26) Brglez,F (2495)-Thomas,T (2510) Canada 1996}) 9. a3 a5 10. c5 Na6 11. Be3 Ng4 12. Bd4 f6 13. h3 Nh6 14. e4 Nf7 15. Qc2 Bc6 16. Rfc1 Qb8 17. Be3 (17. axb4 $11 Nxb4 18. Qc3) 17... e5 {[#]} (17... b3 $1 $15 {keeps the upper hand.} 18. Qc4 Qb5 19. Qxb5 Bxb5) 18. d4 $1 $16 exd4 19. Nxd4 Bxa4 20. Qxa4 Nxc5 21. Qc2 {Strongly threatening Nf5.} Na6 {[%cal Bc5a6,Ba6b4,Bb4d3][%mdl 32]} 22. Nf5 Bd8 (22... Bd6 $16 {was necessary.}) 23. e5 Nxe5 {and if ...c6 works, Black does fine.} 24. Bxa8 Qxa8 25. f4 Nf7 26. axb4 Nxb4 27. Qg2 (27. Qc4 $16 Nd5 28. Bc5) 27... Qxg2+ $14 28. Kxg2 Re8 29. Kf3 c6 30. Bc5 Nd3 31. Rc3 Nxc5 32. Rxc5 g6 $36 {[%mdl 2048] Black is pushing.} 33. Nh4 Bb6 34. Rc3 Nd8 35. Rd1 {Hoping for Rb3.} d5 36. Ng2 (36. Rb3 $11 Bc7 37. Ng2) 36... Ne6 $17 {White must now prevent ...Nd4+.} 37. Rxc6 (37. Rcd3 $17) 37... Nd4+ $19 38. Rxd4 Bxd4 39. Ra6 {[#]} Rb8 $1 ({Don't take} 39... Bxb2 40. Rxa5 d4 41. Rd5 $17) 40. Ne1 (40. g4 {keeps fighting.}) 40... Rb3+ ({Resist} 40... Bxb2 41. Nd3 $19) 41. Ke2 Re3+ ({Much less strong is} 41... Bxb2 42. Nd3) 42. Kf2 $2 (42. Kd2 Rxg3 43. Rxa5) 42... Re6+ {Precision: White = 36%, Black = 60%.} 0-1

[Event "48th Bosna Tournament 2018"]
[Site "Sarajevo"]
[Date "2018.05.06"]
[Round "2"]
[White "Predke, Alexandr"]
[Black "Jakupovic, Neven"]
[Result "1-0"]
[WhiteElo "2603"]
[BlackElo "2324"]
[Annotator "TA"]
[PlyCount "43"]
[EventDate "2018.??.??"]
[EventType "swiss"]
[EventCountry "BIH"]
[SourceTitle "playchess.com"]
[Source "ChessBase"]
[SourceQuality "1"]

{[%evp 9,43,10,16,20,28,0,0,0,0,0,33,-11,150,143,143,131,109,55,167,148,339,324,371,370,384,370,364,347,568,504,847,720,1006,993,29986,29987]} 1. e4 c5 2. Nf3 d6 3. Nc3 a6 4. g3 e5 5. Bg2 Nc6 6. d3 {B50: Sicilian: 2...d6, Miscellaneous} Nge7 7. Bd2 $146 ({Predecessor:} 7. O-O g6 8. Nh4 Bg7 9. f4 exf4 10. gxf4 Nd4 11. Kh1 Nec6 12. Nf3 {0-1 (38) Fressinet,L (2662)-Korobov,A (2652) Riadh 2017}) 7... g6 8. h4 {[%cal Bh2h4,Bh4h5][%mdl 32] The position is equal.} h6 9. Nh2 Be6 10. h5 Qd7 $2 {[#]} (10... g5 $1 $11) 11. Nd5 $36 {[%mdl 2048] White is in control.} Bxd5 12. exd5 Nb4 13. hxg6 f5 {[#]} (13... fxg6 $14 14. d4 Nbxd5) 14. g4 $1 $18 {[%cal Bg3g4,Bg4f5][%mdl 32]} Nxg6 $2 (14... Nbxd5 $16 {keeps fighting.} 15. gxf5 Qxf5) 15. gxf5 Nf4 16. Bxf4 $1 exf4 17. c3 {[%cal Bc2c3,Bc3b4][%mdl 32]} Bg7 18. Kf1 O-O $2 (18... O-O-O 19. cxb4 cxb4 20. Qc1+ Kb8) 19. cxb4 Bxb2 (19... Qxf5 $142 20. bxc5 dxc5) 20. Rb1 Bc3 21. Ng4 Rae8 22. Nxh6+ {Precision: White = 78%, Black = 22%.} 1-0

[Event "48th Bosna Tournament 2018"]
[Site "Sarajevo"]
[Date "2018.05.06"]
[Round "2"]
[White "Kozul, Zdenko"]
[Black "Vlatkovic, Milos"]
[Result "1-0"]
[WhiteElo "2597"]
[BlackElo "2318"]
[Annotator "TA"]
[PlyCount "69"]
[EventDate "2018.??.??"]
[EventType "swiss"]
[EventCountry "BIH"]
[SourceTitle "playchess.com"]
[Source "ChessBase"]
[SourceQuality "1"]

{[%evp 19,69,41,22,15,33,0,26,20,20,5,25,10,33,37,90,89,84,85,133,115,114,118,131,99,154,120,147,141,152,149,156,141,202,158,181,137,166,139,252,271,310,307,301,299,514,404,882,892,910,910,5082,3729]} 1. d4 Nf6 2. c4 e6 3. g3 Bb4+ 4. Bd2 Bxd2+ 5. Qxd2 d5 6. Nf3 Nbd7 {E11: Bogo-Indian} 7. Bg2 c6 8. O-O b6 9. Ne5 Bb7 10. Nc3 O-O {LiveBook: 14 Games} 11. f4 (11. Rac1 Qe7 12. Nxd7 Qxd7 13. b3 Ba6 14. cxd5 cxd5 15. Qb2 Qe7 16. Rc2 Rac8 17. Rfc1 h6 18. Nb1 Rfd8 19. Rxc8 Rxc8 20. Rxc8+ Bxc8 {½-½ (44) Bluebaum,M (2631)-Meier,G (2648) Karlsruhe/Baden-Baden 2018}) 11... Qe7 12. cxd5 $146 ({Predecessor:} 12. e4 dxe4 13. Nxe4 Nxe4 14. Bxe4 Rac8 15. Nxd7 Qxd7 {1-0 (29) Puskar,P (2240)-Chrenko,K (1960) Liptovsky Mikulas 2016}) 12... exd5 13. Rac1 Rad8 14. Qc2 c5 15. e3 cxd4 16. exd4 Qb4 (16... a6 $14) 17. Rfd1 $16 Nxe5 18. fxe5 Ne8 19. a3 Qe7 20. Qa4 Ba8 21. Re1 {[%cal Bd1e1,Be1e3,Be3h3][%mdl 32]} h5 ({Better is} 21... g6 22. Bh3 Ng7) 22. Nb5 a5 23. Qb3 h4 24. gxh4 Qxh4 25. Re3 $36 {[%mdl 2048] White is on the roll.} Qh6 (25... g6 $16 26. Rh3 Qg5) 26. Rce1 a4 27. Qb4 {aiming for Rh3.} ({Resist} 27. Qxa4 Bc6 $16) 27... Rc8 28. Rh3 Qe6 (28... Qg5 $16 {was necessary.}) 29. Qd2 Bc6 30. Nc3 {[%cal Bb5c3,Bc3e2,Be2f4][%mdl 32]} Nc7 31. Qg5 f5 $2 {[#]} (31... Qg6 32. Qh4 Qh6 33. Qxh6 gxh6 34. Rxh6 Ne6 35. Bxd5 Bxd5) 32. Ne2 f4 (32... Qe8 $142 33. Qh4 Ne6 34. Qh7+ Kf7) 33. Nxf4 $18 {White is clearly winning.} Qf5 34. Qh4 Rcd8 35. e6 {Precision: White = 73%, Black = 30%.} 1-0